000
00242nam a22001097a 4500
082
_a
940.53 HEC'B
100
_a
HECHLER, KEN
_9
79417
245
_a
THE BRIDGE AT LEMAGEN
260
_a
NEWYORK
_b
BALLANTINE
_c
1966
300
_a
238P
942
_c
BK
999
_c
584461
_d
584461